00884nam a22002178i 4500003000400000005001700004008004100021020001500062040000800077050002200085245007600107260004400183300002200227500015400249500011400403650003500517700002300552710003100575710004100606711001900647OSt20220321095807.0800410s1981 mdua 101 0 eng d a0683065017 cNLM aRD96.4b.W67 198104aThe Immune consequences of thermal injury /cJohn L. Ninnemann, editor. aBaltimore :bWilliams & Wilkins,c1981. axvi, 269 p.bill. aPapers presented at the First Workshop on the Immune Consequences of Thermal Injury, held at Lake Arrowhead of San Diego, Calif., December 3-6, 1979. aWorkshop sponsored by the American Burn Association and the Plastic Surgery Research Foundation of San Diego. 2aBurnsximmunologyvCongresses.1 aNinnemann, John L.22aAmerican Burn Association.22aPlastic Surgery Research Foundation.2 n(1st :d1979 :